ՀՀ Գիտությունների ազգային ակադեմիայի հիմնարար գիտական գրադարան  =   Fundamental Scientific Library of NAS RA

Երկրագործութեան անտառաց և հանքաց : (Record no. 541751)

MARC details
000 -LEADER
fixed length control field 02806nam a2200301 a 4500
003 - CONTROL NUMBER IDENTIFIER
control field AM-YEHGA
005 - DATE AND TIME OF LATEST TRANSACTION
control field 20260320133112.0
008 - FIXED-LENGTH DATA ELEMENTS--GENERAL INFORMATION
fixed length control field 260320s1909 tu a|||gr|||| 00||0 arm d
040 ## - CATALOGING SOURCE
Original cataloging agency AM-YEHGA
041 0# - LANGUAGE CODE
Language code of text/sound track or separate title arm
100 1# - MAIN ENTRY--PERSONAL NAME
Personal name Տաղավարյան, Նազարեթ Նահապետի,
Dates associated with a name 1862-1915
9 (RLIN) 806
245 10 - TITLE STATEMENT
Title Երկրագործութեան անտառաց և հանքաց :
Remainder of title Զարգացումն ու շահագործումն /
Statement of responsibility, etc. Տօք․ Ն. Տաղաւարեան.
260 ## - PUBLICATION, DISTRIBUTION, ETC.
Place of publication, distribution, etc. Կ. Պոլիս :
Name of publisher, distributor, etc. Տպարան Օ. Արզուման,
Date of publication, distribution, etc. 1909.
300 ## - PHYSICAL DESCRIPTION
Extent (9 գիրք մեկ կազմի մեջ) ; 19 էջ ։
Other physical details զարդանախշ ;
Dimensions 18 սմ.
490 0# - SERIES STATEMENT
Series statement Կոհակ ;
Volume/sequential designation թիւ 1
500 ## - GENERAL NOTE
General note Շարվածքը՝ 15X9,5 սմ:
500 ## - GENERAL NOTE
General note Շապիկին և տիտղոսաթերթին՝ զարդանախշ և նշում «Հրատարակութիւն «Կոհակ»ի թիւ1»:
500 ## - GENERAL NOTE
General note Շապիկին նշում. «Արտատպուած «Կոհակ» է»:
500 ## - GENERAL NOTE
General note Տպարանի տվյալը վերցված է տիտղոսաթերթի դարձերեսից:
500 ## - GENERAL NOTE
General note Գինն է՝ 30 փարա:
500 ## - GENERAL NOTE
General note Ալիգ 7
501 ## - WITH NOTE
With note Մեկ կազմի մեջ՝ Գեղեցիկ ասացուածք / Գէորք ծ. վրդ. Արսլանեան։ Կ. Պոլիս: Տպարան «Կոհակ»ի: 1913։ - Ալիգ 1 ; Ազատութիւն քաղաքական և տնտեսական : Ատենախօսություն / Հմայեակ Արամեանց (Շւոտ Մ.Տ.)։ Կ. Պոլիս: Տպագրութիւն Վ. եւ Հ. Տէր-Ներսէսեան։ 1908։ - Ալիգ 2 ; Գիւղական ուսուցչի ձայնը / Կապանաձէ։ Թիֆլիս: Ելեքտրաշարժ տպարան օր. Ն. Աղանեանի։ 1907։ - Ալիգ 3 ; Կայծկլտուք : (Քերթուածներ) / Յովհաննէս Մ.Խ. Գմբէթեան։ Կ. Պոլիս: Տպագրութիւն Արշակ Կ. Կարօեան։ 1910։ - Ալիգ 4 ; Անուրջներ : Պատմվածք / Օ. Շրէյներ։ Թաւրիզ: Տպարան Ատրպատականի հայերի թէմական արագատիպ։ 1904։ - Ալիգ 5 ; Սուրբ Մեսրոպ / Ատոմ Եարճանեան-Սիամանթօ։ Կ. Պոլիս: տպ. Օ. Արզուման։ 1914։ - Ալիգ 6 ; Պատմութիւն Հնչակեան կուսակցութեան ։ Ա․ հատոր / Հմայակ Արամեանց։ Կ. Պոլիս: Տպարան «Կոհակ»ի։ 1912։ - Ալիգ 8 ; Ապստամբ Յիսուսը / Կարլ Կաուցկի։ Կ. Պոլիս: Տպարան «Կոհակ»ի։ 1913։ - Ալիգ 9
650 14 - SUBJECT ADDED ENTRY--TOPICAL TERM
Topical term or geographic name entry element Դաշտավարություն
650 14 - SUBJECT ADDED ENTRY--TOPICAL TERM
Topical term or geographic name entry element Գյուղատնտեսության ընդհանուր հարցեր
651 #4 - SUBJECT ADDED ENTRY--GEOGRAPHIC NAME
Geographic name Ստամբուլ
9 (RLIN) 5934
651 #4 - SUBJECT ADDED ENTRY--GEOGRAPHIC NAME
Geographic name Թուրքիա
942 ## - ADDED ENTRY ELEMENTS (KOHA)
Source of classification or shelving scheme Universal Decimal Classification
Koha item type Գրքեր / Books
Suppress in OPAC No
Holdings
Withdrawn status Lost status Source of classification or shelving scheme Damaged status Not for loan Collection Home library Current library Date acquired Serial enumeration / chronology Inventory number Total checkouts Full call number Barcode Date last seen Price effective from Koha item type Public note
    Universal Decimal Classification     Postanjyan Individual Collection Fundamental Scientific Library Fundamental Scientific Library 20/03/2026 Ալիգ 7 Պոսթ/133   Պոսթ/127 FL0704551 20/03/2026 20/03/2026 Գրքեր / Books ILL Non-Circ.


ՀՀ ԳԱԱ հիմնարար գիտական գրադարան
ՀՀ,Երևան 0019
Մարշալ Բաղրամյան 24/6
հեռախոս:(374-10) 52-47-50
Հետադարձ կապ

All site content, except where otherwise noted, is licensed under a
Creative Commons License